LEADER 00922nam a2200217 i 4500 001 000000200911 003 CaOOAMICUS 005 20110415000000.0 008 110415s1972 it u000 u ita u 013 $a179612 040 $aSeMil$bita 245 10$aIncontro al matrimonio /$cA cura dell' Ufficio per la famiglia della Curia Arciv. di Milano. 260 $aVarese :$bTipografia dell'Addolorata,$c1972. 300 $a67 p. ;$c19 cm. 650 4$aMatrimonio - Catechesi.$0(OLS)http://semarc/subject/8748 710 0 $aArcidiocesi di Milano : Curia Arcivescovile : Ufficio per la famiglia.$0(OLS)http://semarc/name/29096 850 $aSeMil 852 $aSeMil$W1$xVenegono$y1$m5D IX 17/7$j151440$B151440$CSeMilBibl$Z2$F162663 $81 961 $aOmaggio: Altro 996 $6245$aIncontro al matrimonio$9(OLS)http://semarc/title/290647 996 $6260$aVarese :$bTipografia dell'Addolorata$9(OLS)http://semarc/publisher/41570 LEADER 01283nam a2200289 i 4500 001 000000127061 003 CaOOAMICUS 005 20070309000000.0 008 070309s1997 it u000 u ita u 013 $a99769 020 $a88-7802-849-5 040 $aSeMil$bita 100 1 $aMonaci, Massimiliano.$0(OLS)http://semarc/name/46138 245 10$aGenere e organizzazione :$bquestioni e modelli interpretativi /$cMassimiliano Monaci. 260 $aMilano :$bGuerini,$c1997. 300 $aX, 187 p. ;$c23 cm. 490 0 $aISTUD : Istituto Studi Direzionali 500 $aContiene : Bibliografia. - A pič del front. front. : Comunitā europea, Fondo sociale europeo. - Fondo Card. C.M. Martini. 650 4$aDonne Dirigenti aziendali.$0(OLS)http://semarc/subject/24908 830 0$aISTUD : Istituto Studi Direzionali.$0(OLS)http://semarc/title/18943 850 $aSeMil 852 $aSeMil$W1$xVenegono$y1$m3N IV 468$j81389$B81389$CSeMilBibl$Z2$F123507 $81 941 1 $a4 961 $aOmaggio: Martini Card. Carlo Maria 996 $6020$a88-7802-849-5$9(OLS)http://semarc/number/113384 996 $6245$aGenere e organizzazione :$bquestioni e modelli interpretativi$9(OLS)http://semarc/title/187447 996 $6260$aMilano :$bGuerini$9(OLS)http://semarc/publisher/31534